[Event "Belorechensk Seniors op"]
[White "Zhukov, Viktor Andreevich"]
[Black "Mololkin, Victor"]
[Site "Belorechensk"]
[Round "2"]
[Result "1-0"]
[Date "2013.02.14"]
[WhiteElo "2097"]
[BlackElo "2407"]
[PlyCount "75"]
[EventDate "2013.02.13"]
[EventType "swiss"]
[EventRounds "9"]
[EventCountry "RUS"]
[SourceTitle "CBM 153 Extra"]
[Source "ChessBase"]
[SourceDate "2013.04.22"]
[SourceVersion "1"]
[SourceVersionDate "2013.04.22"]
[SourceQuality "1"]

1. e4 c5 2. Nf3 d6 3. d4 cxd4 4. Nxd4 Nf6 5. Nc3 g6 6. Bg5 Bg7 7. Bb5+ Bd7 8. Qe2 0-0 9. 0-0-0 a6 10. Bxd7 Nbxd7 11. f4 Re8 12. Nb3 Qc7 13. Rhg1 h6 14. Bh4 e5 15. f5 Nb6 16. g4 g5 17. Bf2 Nc4 18. Rd3 b5 19. Rgd1 b4 20. Nd5 Nxd5 21. Rxd5 a5 22. Nc5 dxc5 23. Qxc4 Red8 24. Rxd8+ Rxd8 25. Rxd8+ Qxd8 26. Bxc5 Qc7 27. Qd5 Bf6 28. Qd6 Qd8 29. Kd2 Be7 30. Qxd8+ Bxd8 31. Kd3 h5 32. h3 hxg4 33. hxg4 f6 34. Kc4 Kg7 35. Kb5 Kf7 36. Kc6 Be7 37. Bxe7 Kxe7 38. b3 1-0

[Event "Belorechensk Sarkisov Memorial op"]
[White "Petrova, Olga"]
[Black "Zhukov, Viktor Andreevich"]
[Site "Belorechensk"]
[Round "4"]
[Result "1-0"]
[Date "2012.05.26"]
[WhiteElo "2258"]
[BlackElo "2061"]
[PlyCount "89"]
[EventDate "2012.05.23"]
[EventType "swiss"]
[EventRounds "9"]
[EventCountry "RUS"]
[SourceTitle "CBM 148 Extra"]
[Source "ChessBase"]
[SourceDate "2012.06.22"]
[SourceVersion "1"]
[SourceVersionDate "2012.06.22"]
[SourceQuality "1"]

1. e4 c5 2. Nf3 g6 3. d4 Bg7 4. dxc5 Qa5+ 5. c3 Qxc5 6. Be3 Qc7 7. Nbd2 Nf6 8. Bd3 Nc6 9. h3 d5 10. Qb3 dxe4 11. Nxe4 0-0 12. 0-0 Be6 13. Qa4 Nd5 14. Nc5 Bc8 15. Bd2 b6 16. Be4 e6 17. Nd3 Bd7 18. Qc4 Nf6 19. Bf4 Qb7 20. Bd6 Rfc8 21. Nb4 Nxe4 22. Qxe4 Na5 23. Qxb7 Nxb7 24. Bf4 Nc5 25. Rfd1 Ba4 26. Rd2 Rd8 27. Rxd8+ Rxd8 28. Rc1 a5 29. Bc7 Rc8 30. Bxb6 Bh6 31. Bxc5 Bxc1 32. Nd3 Bd1 33. Bb6 Bxf3 34. Nxc1 Bd5 35. Bxa5 Bc4 36. b3 Rc5 37. Bb6 Rd5 38. Bd4 Ba6 39. f4 f6 40. Kf2 e5 41. fxe5 fxe5 42. Be3 Rd1 43. c4 Kf7 44. Ke2 Rh1 45. Nd3 1-0

[Event "Wch Seniors 21st"]
[White "Malmdin, Nils Ake"]
[Black "Zhukov, Viktor Andreevich"]
[Site "Rijeka"]
[Round "8"]
[Result "1-0"]
[Date "2011.11.23"]
[WhiteElo "2308"]
[BlackElo "2141"]
[PlyCount "56"]
[EventDate "2011.11.15"]
[EventType "swiss"]
[EventRounds "11"]
[EventCountry "CRO"]
[SourceTitle "CBM 145 Extra"]
[Source "ChessBase"]
[SourceDate "2012.01.03"]
[SourceVersion "1"]
[SourceVersionDate "2012.01.03"]
[SourceQuality "1"]

1. e4 c5 2. Nf3 e6 3. d4 cxd4 4. Nxd4 Qb6 5. Nb5 Bc5 6. Be3 Na6 7. Bxc5 Qxc5 8. N1c3 Nf6 9. a3 0-0 10. Bd3 Nc7 11. Nxc7 Qxc7 12. Qe2 d5 13. e5 Nd7 14. f4 a6 15. 0-0-0 f5 16. exf6 Qxf4+ 17. Kb1 Nxf6 18. g4 Bd7 19. g5 Ne8 20. Rhf1 Qd6 21. Rxf8+ Qxf8 22. Rf1 Qe7 23. Nxd5 Qxg5 24. Nb6 Qd8 25. Nxa8 Qxa8 26. Qh5 g6 27. Bxg6 hxg6 28. Qxg6+ Ng7 1-0

[Event "Wch Seniors 21st"]
[White "Zhukov, Viktor Andreevich"]
[Black "Wittmann, Walter"]
[Site "Rijeka"]
[Round "3"]
[Result "0-1"]
[Date "2011.11.17"]
[WhiteElo "2141"]
[BlackElo "2269"]
[PlyCount "37"]
[EventDate "2011.11.15"]
[EventType "swiss"]
[EventRounds "11"]
[EventCountry "CRO"]
[SourceTitle "CBM 145 Extra"]
[Source "ChessBase"]
[SourceDate "2012.01.03"]
[SourceVersion "1"]
[SourceVersionDate "2012.01.03"]
[SourceQuality "1"]

1. e4 c5 2. Nf3 Nc6 3. d4 cxd4 4. Nxd4 Nf6 5. Nc3 d6 6. Bc4 e6 7. Be3 Be7 8. Qe2 0-0 9. 0-0-0 a6 10. Bb3 Qc7 11. Rhg1 Nd7 12. g4 Nc5 13. g5 Bd7 14. Qh5 Rfc8 15. Rg3 g6 16. Qh6 Bf8 17. Qh4 Nxd4 18. Rxd4 Nxb3+ 19. axb3 0-1

[Event "Voronezh op-B 15th"]
[White "Zhukov, Viktor Andreevich"]
[Black "Semyonov, Vladimir1"]
[Site "Voronezh"]
[Round "4"]
[Result "0-1"]
[Date "2011.06.15"]
[WhiteElo "2133"]
[BlackElo "1858"]
[PlyCount "69"]
[EventDate "2011.06.12"]
[EventType "swiss"]
[EventRounds "9"]
[EventCountry "RUS"]
[SourceTitle "CBM 143 Extra"]
[Source "ChessBase"]
[SourceDate "2011.08.29"]
[SourceVersion "1"]
[SourceVersionDate "2011.08.29"]
[SourceQuality "1"]

1. e4 d6 2. d4 Nf6 3. Nc3 c6 4. a4 Nbd7 5. f4 e5 6. Nf3 exd4 7. Qxd4 Qb6 8. Be2 Qxd4 9. Nxd4 Nc5 10. Bf3 Bg4 11. Be3 0-0-0 12. b4 Bxf3 13. gxf3 Na6 14. Rb1 Nc7 15. b5 c5 16. Nb3 b6 17. Bf2 d5 18. e5 Nh5 19. Bg3 f5 20. a5 d4 21. axb6 axb6 22. Na4 Kb7 23. Nd2 g6 24. 0-0 Ra8 25. Ra1 Be7 26. Nc4 Nd5 27. Rfe1 Ra7 28. Naxb6 Nxb6 29. Na5+ Kc7 30. Nc6 Rxa1 31. Rxa1 Nd5 32. Nxe7 Nxe7 33. Ra7+ Kb6 34. Rxe7 Kxb5 35. Kf2 0-1

[Event "RUS-ch Seniors"]
[White "Yakovlev, Yuri S"]
[Black "Zhukov, Viktor Andreevich"]
[Site "Odintsovo"]
[Round "9"]
[Result "1/2-1/2"]
[Date "2011.04.27"]
[WhiteElo "2014"]
[BlackElo "2143"]
[PlyCount "41"]
[EventDate "2011.04.19"]
[EventType "swiss"]
[EventRounds "9"]
[EventCountry "RUS"]
[SourceTitle "CBM 142 Extra"]
[Source "ChessBase"]
[SourceDate "2011.06.27"]
[SourceVersion "1"]
[SourceVersionDate "2011.06.27"]
[SourceQuality "1"]

1. e4 c5 2. Nf3 Nc6 3. c4 g6 4. d4 cxd4 5. Nxd4 Bg7 6. Be3 Nf6 7. Nc3 Ng4 8. Qxg4 Nxd4 9. Qd1 Ne6 10. Qd2 Qa5 11. Be2 b6 12. Rd1 d6 13. 0-0 Bb7 14. f3 f5 15. exf5 gxf5 16. Nd5 Qxd2 17. Rxd2 Rc8 18. b3 Bxd5 19. Rxd5 0-0 20. Bd3 f4 21. Bf2 1/2-1/2

[Event "Kostroma Volga Cup op"]
[White "Zhukov, Viktor Andreevich"]
[Black "Arbuzov, Ivan"]
[Site "Kostroma"]
[Round "3"]
[Result "1/2-1/2"]
[Date "2010.07.??"]
[WhiteElo "2141"]
[BlackElo "1940"]
[PlyCount "48"]
[EventDate "2010.07.??"]
[EventType "swiss"]
[EventRounds "9"]
[EventCountry "RUS"]
[SourceTitle "EXT 2011"]
[Source "ChessBase"]
[SourceDate "2010.11.26"]
[SourceVersion "1"]
[SourceVersionDate "2010.11.26"]
[SourceQuality "1"]

1. e4 e6 2. d4 d5 3. e5 c5 4. c3 Qb6 5. Nf3 Bd7 6. a3 cxd4 7. cxd4 Bb5 8. Bxb5+ Qxb5 9. Nc3 Qa6 10. Ne2 Nd7 11. 0-0 Ne7 12. Nc3 Nc6 13. Be3 Be7 14. Nd2 Qd3 15. Qg4 Qg6 16. Qxg6 hxg6 17. f4 f6 18. b4 Rc8 19. Ne2 Kf7 20. Rfc1 a5 21. b5 Na7 22. a4 Nb6 23. Bf2 Bb4 24. Nb3 Nc4 1/2-1/2

[Event "Voronezh op-B 14th"]
[White "Gataullin, Artur"]
[Black "Zhukov, Viktor Andreevich"]
[Site "Voronezh"]
[Round "7"]
[Result "0-1"]
[Date "2010.06.19"]
[WhiteElo "2050"]
[BlackElo "2178"]
[PlyCount "52"]
[EventDate "2010.06.12"]
[EventType "swiss"]
[EventRounds "9"]
[EventCountry "RUS"]
[SourceTitle "CBM 137 Extra"]
[Source "ChessBase"]
[SourceDate "2010.09.01"]
[SourceVersion "1"]
[SourceVersionDate "2010.09.01"]
[SourceQuality "1"]

1. e4 c5 2. c3 Nf6 3. e5 Nd5 4. d4 cxd4 5. cxd4 d6 6. Nf3 Nc6 7. Bc4 Nb6 8. Bxf7+ Kxf7 9. Ng5+ Ke8 10. e6 Nd5 11. Nf7 Qa5+ 12. Bd2 Qa6 13. Qh5 Nf6 14. Nxd6+ Kd8 15. Nf7+ Ke8 16. Qh4 Bxe6 17. Nxh8 Rd8 18. Bc3 Bg4 19. f3 Nxd4 20. Bxd4 Rxd4 21. Qf2 Qe6+ 22. Qe2 Re4 23. fxe4 Bxe2 24. Nc3 Bc4 25. 0-0-0 Bxa2 26. Rd4 g6 0-1

[Event "Yuzhny FO-ch op"]
[White "Petrova, Olga"]
[Black "Zhukov, Viktor Andreevich"]
[Site "Armavir"]
[Round "6"]
[Result "1-0"]
[Date "2010.03.??"]
[WhiteElo "2240"]
[BlackElo "2184"]
[PlyCount "53"]
[EventDate "2010.03.??"]
[EventType "swiss"]
[EventRounds "9"]
[EventCountry "RUS"]
[SourceTitle "CBM 135 Extra"]
[Source "ChessBase"]
[SourceDate "2010.05.04"]
[SourceVersion "1"]
[SourceVersionDate "2010.05.04"]
[SourceQuality "1"]

1. e4 e6 2. d4 c5 3. Nf3 cxd4 4. Nxd4 a6 5. Nc3 b5 6. Bd3 Bb7 7. 0-0 d6 8. Kh1 b4 9. Nce2 Nf6 10. f3 Nbd7 11. Qe1 d5 12. exd5 Nxd5 13. Bd2 Bd6 14. Be4 Qe7 15. Bxd5 Bxd5 16. Bf4 0-0 17. Qg3 Bb8 18. Bxb8 Raxb8 19. Nf4 Qc5 20. Rad1 Nf6 21. Rfe1 Rbd8 22. Re5 Qc7 23. Rg5 e5 24. Rxg7+ Kh8 25. Nf5 Rg8 26. Rxg8+ Rxg8 27. Qh4 1-0

[Event "Anapa op"]
[White "Ivanov, Vladislav"]
[Black "Zhukov, Viktor Andreevich"]
[Site "Anapa"]
[Round "9"]
[Result "1/2-1/2"]
[Date "2009.09.08"]
[WhiteElo "1791"]
[BlackElo "2143"]
[PlyCount "48"]
[EventDate "2009.08.31"]
[EventType "swiss"]
[EventRounds "9"]
[EventCountry "RUS"]
[SourceTitle "CBM 132 Extra"]
[Source "ChessBase"]
[SourceDate "2009.11.03"]
[SourceVersion "1"]
[SourceVersionDate "2009.11.03"]
[SourceQuality "1"]

1. e4 c5 2. c3 e6 3. d4 d5 4. exd5 exd5 5. Nf3 Nf6 6. Bb5+ Bd7 7. Bxd7+ Nbxd7 8. 0-0 Be7 9. dxc5 Nxc5 10. Nbd2 0-0 11. Nd4 Nd3 12. N2f3 Nxc1 13. Rxc1 Bd6 14. Qb3 Qd7 15. Rfe1 Rfe8 16. h3 Rad8 17. Rcd1 Bb8 18. Qc2 g6 19. Qb3 Kg7 20. Nc2 Rxe1+ 21. Rxe1 Bc7 22. Ne3 Bb6 23. Qb4 Re8 24. Nd4 Re4 1/2-1/2